[Event "RUS-ch Rapid Men 2018"]
[Site "Sochi"]
[Date "2018.10.05"]
[Round "1"]
[White "Prokhorko, Mikhail"]
[Black "Vastrukhin, Oleg"]
[Result "0-1"]
[WhiteElo "2197"]
[BlackElo "2413"]
[Annotator "NA"]
[PlyCount "96"]
[EventDate "2018.10.05"]
[EventType "swiss"]
[EventCountry "RUS"]
[SourceTitle "playchess.com"]
[Source "ChessBase"]
[SourceQuality "1"]
[TimeControl "900+10"]

1. d4 {[%emt 0:00:00]} g6 {[%emt 0:00:00]} 2. Bf4 {[%emt 0:00:00]} Bg7 {[%emt 0:00:00]} 3. e3 {[%emt 0:00:00]} Nf6 {[%emt 0:00:00]} 4. c3 {[%emt 0:00:17]} O-O {[%emt 0:00:00]} 5. h4 {[%emt 0:00:02]} d6 {[%emt 0:00:07]} 6. Be2 {[%emt 0:00:06]} Nc6 {[%emt 0:00:49]} 7. h5 {[%emt 0:00:22]} e5 {[%emt 0:00:03]} 8. Bg5 {[%emt 0:00:09]} h6 {[%emt 0:00:03]} 9. Bxf6 {[%emt 0:00:12]} Qxf6 {[%emt 0:00:03]} 10. Nd2 {[%emt 0:03:02]} g5 {[%emt 0:00:30]} 11. d5 {[%emt 0:00:56]} Nb8 {[%emt 0:00:15]} 12. g4 {[%emt 0:01:04]} Nd7 {[%emt 0:00:14]} 13. Ne4 {[%emt 0:00:48]} Qe7 {[%emt 0:00:01]} 14. Ng3 {[%emt 0:00:01]} e4 {[%emt 0:01:19]} 15. Qc2 {[%emt 0:00:37]} Nf6 {[%emt 0:00:04]} 16. O-O-O {[%emt 0:00:53]} Re8 {[%emt 0:00:55]} 17. Bb5 {[%emt 0:00:50]} Rf8 {[%emt 0:01:04]} 18. Nf5 {[%emt 0:02:46]} Qe5 {[%emt 0:00:13]} 19. Ne2 {[%emt 0:00:20]} a6 {[%emt 0:00:34]} 20. Ba4 {[%emt 0:00:29]} Nxg4 {[%emt 0:00:59]} 21. Nxg7 {[%emt 0:00:16]} Nxf2 {[%emt 0:00:25]} 22. Ne8 {[%emt 0:01:58]} Nxd1 {[%emt 0:00:05]} 23. Rxd1 {[%emt 0:00:28]} b5 {[%emt 0:00:21]} 24. Rd4 {[%emt 0:00:56]} Rxe8 {[%emt 0:00:04]} 25. Bb3 {[%emt 0:00:15]} Bg4 {[%emt 0:00:01]} 26. Qd2 {[%emt 0:00:11]} Bxh5 {[%emt 0:00:03]} 27. Bc2 {[%emt 0:00:00]} f5 {[%emt 0:00:06]} 28. c4 {[%emt 0:00:16]} Qh2 {[%emt 0:00:01]} 29. Bd1 {[%emt 0:00:06]} f4 {[%emt 0:00:19]} 30. exf4 {[%emt 0:00:09]} Bxe2 {[%emt 0:00:01]} 31. Bxe2 {[%emt 0:00:07]} Qxf4 {[%emt 0:00:02]} 32. Bh5 {[%emt 0:00:13]} Qxd2+ {[%emt 0:00:03]} 33. Kxd2 {[%emt 0:00:01]} Re5 {[%emt 0:00:01]} 34. Ke3 {[%emt 0:00:17]} Rf8 {[%emt 0:00:02]} 35. b4 {[%emt 0:00:19]} Rf4 {[%emt 0:00:09]} 36. c5 {[%emt 0:00:18]} Rh4 {[%emt 0:00:09]} 37. Be2 {[%emt 0:00:09]} Rh3+ {[%emt 0:00:07]} 38. Kf2 {[%emt 0:00:12]} Ra3 {[%emt 0:00:01]} 39. Rd1 {[%emt 0:00:17]} Rxa2 {[%emt 0:00:05]} 40. cxd6 {[%emt 0:00:07]} cxd6 {[%emt 0:00:01]} 41. Rc1 {[%emt 0:00:07]} e3+ {[%emt 0:00:01]} 42. Ke1 {[%emt 0:00:06]} Rxd5 {[%emt 0:00:13]} 43. Bh5 {[%emt 0:00:36]} e2 {[%emt 0:00:06]} 44. Rc8+ {[%emt 0:00:11]} Kg7 {[%emt 0:00:01]} 45. Rc7+ {[%emt 0:00:09]} Kf6 {[%emt 0:00:01]} 46. Rf7+ {[%emt 0:00:01]} Ke6 {[%emt 0:00:01]} 47. Kf2 {[%emt 0:00:40]} g4 {[%emt 0:00:17]} 48. Rg7 {[%emt 0:01:26]} Rf5+ {[%emt 0:00:05]} 0-1

[Event "RUS-ch Rapid Men 2018"]
[Site "Sochi"]
[Date "2018.10.05"]
[Round "1"]
[White "Pashkov, Anatolij"]
[Black "Bocharov, Ivan"]
[Result "0-1"]
[WhiteElo "2196"]
[BlackElo "2565"]
[Annotator "ChessBase"]
[PlyCount "70"]
[EventDate "2018.10.05"]
[EventType "swiss"]
[EventCountry "RUS"]
[SourceTitle "playchess.com"]
[Source "ChessBase"]
[SourceQuality "1"]
[TimeControl "900+10"]

1. e4 {[%emt 0:00:00]} e5 {[%emt 0:00:00]} 2. Nf3 {[%emt 0:00:00]} Nc6 {[%emt 0:00:00]} 3. Bc4 {[%emt 0:00:00]} Bc5 {[%emt 0:00:00]} 4. b4 {[%emt 0:00:07]} Bxb4 {[%emt 0:00:18]} 5. c3 {[%emt 0:00:01]} Ba5 {[%emt 0:02:25]} 6. d4 {[%emt 0:00:06]} d6 {[%emt 0:00:52]} 7. Ng5 {[%emt 0:03:21]} Nh6 {[%emt 0:00:16]} 8. O-O {[%emt 0:05:58]} O-O {[%emt 0:00:03]} 9. h3 {[%emt 0:00:03]} Qf6 {[%emt 0:02:07]} 10. Nf3 {[%emt 0:02:51]} Re8 {[%emt 0:01:08]} 11. Bg5 {[%emt 0:01:00]} Qg6 {[%emt 0:00:02]} 12. d5 {[%emt 0:00:30]} Nb8 {[%emt 0:07:24]} 13. Qa4 {[%emt 0:00:07]} Nd7 {[%emt 0:00:07]} 14. Qxa5 {[%emt 0:00:12]} Nb6 {[%emt 0:00:01]} 15. Bd3 {[%emt 0:00:51]} Bxh3 {[%emt 0:00:03]} 16. gxh3 {[%emt 0:00:09]} f6 {[%emt 0:00:00]} 17. h4 {[%emt 0:01:06]} fxg5 {[%emt 0:00:02]} 18. hxg5 {[%emt 0:00:01]} Rf8 {[%emt 0:00:04]} 19. Nbd2 {[%emt 0:00:18]} Rf4 {[%emt 0:00:06]} 20. Rfe1 {[%emt 0:00:06]} Raf8 {[%emt 0:00:02]} 21. Re3 {[%emt 0:00:14]} Ng4 {[%emt 0:00:04]} 22. Rae1 {[%emt 0:00:09]} Qh5 {[%emt 0:00:26]} 23. Kf1 {[%emt 0:01:11]} Qh3+ {[%emt 0:00:16]} 24. Ke2 {[%emt 0:00:18]} Nxe3 {[%emt 0:00:02]} 25. fxe3 {[%emt 0:00:20]} Rxf3 {[%emt 0:00:02]} 26. Nxf3 {[%emt 0:00:01]} Qxf3+ {[%emt 0:00:17]} 27. Kd2 {[%emt 0:00:00]} a6 {[%emt 0:00:06]} 28. Qa3 {[%emt 0:00:04]} Qg2+ {[%emt 0:00:02]} 29. Re2 {[%emt 0:00:00]} Qxg5 {[%emt 0:00:01]} 30. Qc1 {[%emt 0:00:02]} Nd7 {[%emt 0:00:10]} 31. Qh1 {[%emt 0:00:08]} Nc5 {[%emt 0:00:09]} 32. Rg2 {[%emt 0:00:05]} Qf6 {[%emt 0:00:10]} 33. Rh2 {[%emt 0:00:05]} h6 {[%emt 0:00:13]} 34. Rg2 {[%emt 0:00:01]} Nxd3 {[%emt 0:00:10]} 35. Kxd3 {[%emt 0:00:02]} Qf1+ {[%emt 0:00:01]} 0-1

[Event "RUS-ch Rapid Men 2018"]
[Site "Sochi"]
[Date "2018.10.05"]
[Round "1"]
[White "Mnatsakanian, Arsen"]
[Black "Savchenko, Boris"]
[Result "0-1"]
[WhiteElo "2160"]
[BlackElo "2562"]
[Annotator "ChessBase"]
[PlyCount "76"]
[EventDate "2018.10.05"]
[EventType "swiss"]
[EventCountry "RUS"]
[SourceTitle "playchess.com"]
[Source "ChessBase"]
[SourceQuality "1"]
[TimeControl "900+10"]

1. e4 {[%emt 0:00:00]} e6 {[%emt 0:00:10]} 2. d4 {[%emt 0:00:00]} d5 {[%emt 0:00:02]} 3. e5 {[%emt 0:00:00]} c5 {[%emt 0:00:02]} 4. c3 {[%emt 0:00:00]} Bd7 {[%emt 0:00:02]} 5. Nf3 {[%emt 0:00:12]} Nc6 {[%emt 0:00:02]} 6. a3 {[%emt 0:00:04]} c4 {[%emt 0:00:03]} 7. Nbd2 {[%emt 0:00:23]} Na5 {[%emt 0:00:08]} 8. g3 {[%emt 0:00:17]} Ne7 {[%emt 0:00:24]} 9. Bg2 {[%emt 0:00:07]} Nc8 {[%emt 0:00:03]} 10. O-O {[%emt 0:00:44]} Be7 {[%emt 0:00:04]} 11. Re1 {[%emt 0:00:13]} Nb6 {[%emt 0:00:06]} 12. Nf1 {[%emt 0:00:42]} Nb3 {[%emt 0:00:15]} 13. Rb1 {[%emt 0:00:01]} Nxc1 {[%emt 0:00:10]} 14. Qxc1 {[%emt 0:00:19]} Na4 {[%emt 0:01:23]} 15. h4 {[%emt 0:00:18]} Qa5 {[%emt 0:01:16]} 16. g4 {[%emt 0:02:49]} O-O-O {[%emt 0:00:10]} 17. Ng3 {[%emt 0:00:25]} Kb8 {[%emt 0:00:27]} 18. Ng5 {[%emt 0:01:57]} Rdf8 {[%emt 0:00:03]} 19. f4 {[%emt 0:01:13]} Qd8 {[%emt 0:00:38]} 20. h5 {[%emt 0:00:11]} h6 {[%emt 0:00:17]} 21. Nf3 {[%emt 0:00:03]} g6 {[%emt 0:00:02]} 22. Bh3 {[%emt 0:02:28]} a6 {[%emt 0:03:57]} 23. Kh2 {[%emt 0:00:54]} Ka7 {[%emt 0:00:12]} 24. f5 {[%emt 0:00:26]} exf5 {[%emt 0:03:28]} 25. gxf5 {[%emt 0:00:03]} gxf5 {[%emt 0:00:06]} 26. Nxf5 {[%emt 0:00:32]} Bg5 {[%emt 0:00:44]} 27. Nxg5 {[%emt 0:00:20]} hxg5 {[%emt 0:00:22]} 28. Qd1 {[%emt 0:00:21]} Rfg8 {[%emt 0:00:57]} 29. Rg1 {[%emt 0:01:45]} g4 {[%emt 0:03:02]} 30. Bxg4 {[%emt 0:01:22]} Rg5 {[%emt 0:01:01]} 31. Ne3 {[%emt 0:01:12]} Bxg4 {[%emt 0:00:21]} 32. Rxg4 {[%emt 0:00:01]} Rgxh5+ {[%emt 0:00:05]} 33. Kg3 {[%emt 0:00:03]} Rh2 {[%emt 0:00:08]} 34. Ng2 {[%emt 0:00:42]} f6 {[%emt 0:00:09]} 35. Qxa4 {[%emt 0:00:18]} fxe5 {[%emt 0:00:02]} 36. Rf1 {[%emt 0:00:11]} R8h3+ {[%emt 0:00:21]} 37. Kf2 {[%emt 0:00:02]} Qf6+ {[%emt 0:00:11]} 38. Ke1 {[%emt 0:00:03]} Rh1 0-1

[Event "RUS-ch Rapid Men 2018"]
[Site "Sochi"]
[Date "2018.10.05"]
[Round "1"]
[White "Arbuzov, Mikhail"]
[Black "Yuffa, Daniil"]
[Result "0-1"]
[WhiteElo "2146"]
[BlackElo "2563"]
[Annotator "ChessBase"]
[PlyCount "72"]
[EventDate "2018.10.05"]
[EventType "swiss"]
[EventCountry "RUS"]
[SourceTitle "playchess.com"]
[Source "ChessBase"]
[SourceQuality "1"]
[TimeControl "900+10"]

1. d4 {[%emt 0:00:00]} Nf6 {[%emt 0:00:00]} 2. c4 {[%emt 0:00:00]} g6 {[%emt 0:00:01]} 3. f3 {[%emt 0:00:00]} Bg7 {[%emt 0:00:06]} 4. e4 {[%emt 0:00:00]} O-O {[%emt 0:00:02]} 5. Nc3 {[%emt 0:00:00]} d6 {[%emt 0:00:02]} 6. Be3 {[%emt 0:00:00]} c5 {[%emt 0:00:01]} 7. d5 {[%emt 0:00:02]} e6 {[%emt 0:00:05]} 8. Qd2 {[%emt 0:00:10]} exd5 {[%emt 0:00:36]} 9. cxd5 {[%emt 0:00:02]} a6 {[%emt 0:00:02]} 10. a4 {[%emt 0:00:02]} Re8 {[%emt 0:00:01]} 11. Nge2 {[%emt 0:01:36]} h5 {[%emt 0:00:02]} 12. Nc1 {[%emt 0:00:56]} Nbd7 {[%emt 0:00:17]} 13. Be2 {[%emt 0:00:19]} h4 {[%emt 0:00:02]} 14. O-O {[%emt 0:05:38]} Rb8 {[%emt 0:00:10]} 15. N1a2 {[%emt 0:00:33]} h3 {[%emt 0:00:25]} 16. g3 {[%emt 0:00:22]} Ne5 {[%emt 0:00:29]} 17. Rab1 {[%emt 0:00:46]} b5 {[%emt 0:03:46]} 18. b4 {[%emt 0:02:34]} c4 {[%emt 0:02:09]} 19. a5 {[%emt 0:00:42]} Nh7 {[%emt 0:00:34]} 20. Bd4 {[%emt 0:01:11]} f5 {[%emt 0:00:19]} 21. f4 {[%emt 0:00:50]} Nf7 {[%emt 0:00:15]} 22. Bxg7 {[%emt 0:00:01]} Kxg7 {[%emt 0:00:02]} 23. Bf3 {[%emt 0:01:00]} Nf6 {[%emt 0:02:06]} 24. Rbe1 {[%emt 0:00:37]} fxe4 {[%emt 0:00:23]} 25. Nxe4 {[%emt 0:00:42]} Nxe4 {[%emt 0:00:04]} 26. Bxe4 {[%emt 0:00:01]} Qf6 {[%emt 0:00:09]} 27. Nc3 {[%emt 0:00:26]} Nh6 {[%emt 0:01:22]} 28. Bf3 {[%emt 0:00:41]} Bf5 {[%emt 0:00:07]} 29. Ne4 {[%emt 0:00:24]} Bxe4 {[%emt 0:00:06]} 30. Bxe4 {[%emt 0:00:00]} c3 {[%emt 0:00:35]} 31. Qd3 {[%emt 0:00:20]} Rbc8 32. Bf3 Nf5 {[%emt 0:01:44]} 33. Bg4 {[%emt 0:00:22]} Rxe1 {[%emt 0:00:40]} 34. Rxe1 {[%emt 0:00:06]} c2 {[%emt 0:00:03]} 35. Rc1 {[%emt 0:00:13]} Qd4+ {[%emt 0:00:22]} 36. Qxd4+ {[%emt 0:00:01]} Nxd4 {[%emt 0:00:02]} 0-1

[Event "RUS-ch Rapid Men 2018"]
[Site "Sochi"]
[Date "2018.10.05"]
[Round "1"]
[White "Liberman, Evgeny"]
[Black "Sychev, Klementy"]
[Result "0-1"]
[WhiteElo "2134"]
[BlackElo "2534"]
[Annotator "ChessBase"]
[PlyCount "72"]
[EventDate "2018.10.05"]
[EventType "swiss"]
[EventCountry "RUS"]
[SourceTitle "playchess.com"]
[Source "ChessBase"]
[SourceQuality "1"]
[TimeControl "900+10"]

1. e4 {[%emt 0:00:00]} c5 {[%emt 0:00:00]} 2. Nf3 {[%emt 0:00:00]} d6 {[%emt 0:00:00]} 3. g3 {[%emt 0:00:00]} Nc6 {[%emt 0:00:00]} 4. Bg2 {[%emt 0:00:01]} g6 {[%emt 0:00:00]} 5. O-O {[%emt 0:00:04]} Bg7 {[%emt 0:00:01]} 6. Nc3 {[%emt 0:00:01]} e5 {[%emt 0:00:54]} 7. a3 {[%emt 0:00:15]} Nge7 {[%emt 0:00:09]} 8. Rb1 {[%emt 0:00:02]} O-O {[%emt 0:00:11]} 9. b4 {[%emt 0:00:02]} b6 {[%emt 0:00:07]} 10. d3 {[%emt 0:01:00]} h6 {[%emt 0:00:07]} 11. Ne2 {[%emt 0:02:45]} Be6 {[%emt 0:00:20]} 12. c4 {[%emt 0:00:19]} Qd7 {[%emt 0:00:04]} 13. b5 {[%emt 0:03:03]} Nd8 {[%emt 0:00:23]} 14. Ne1 {[%emt 0:03:15]} Bh3 {[%emt 0:00:07]} 15. f4 {[%emt 0:01:16]} Bxg2 {[%emt 0:00:03]} 16. Nxg2 {[%emt 0:00:01]} f5 {[%emt 0:00:08]} 17. Qc2 {[%emt 0:00:01]} Ne6 {[%emt 0:00:27]} 18. Bb2 {[%emt 0:00:04]} Rf7 {[%emt 0:00:10]} 19. Rf2 {[%emt 0:01:41]} Nd4 {[%emt 0:02:18]} 20. Nxd4 {[%emt 0:01:24]} cxd4 {[%emt 0:00:11]} 21. fxe5 {[%emt 0:00:47]} dxe5 {[%emt 0:00:05]} 22. Rbf1 {[%emt 0:00:04]} Raf8 {[%emt 0:00:11]} 23. Qe2 {[%emt 0:00:13]} Qd6 {[%emt 0:01:54]} 24. Bc1 {[%emt 0:00:08]} Kh7 {[%emt 0:02:08]} 25. Qe1 {[%emt 0:01:17]} Bf6 {[%emt 0:02:35]} 26. Kh1 {[%emt 0:00:20]} Bg5 {[%emt 0:01:46]} 27. exf5 {[%emt 0:00:31]} gxf5 {[%emt 0:00:33]} 28. Re2 {[%emt 0:00:04]} Bxc1 {[%emt 0:00:30]} 29. Qxc1 {[%emt 0:00:04]} Ng6 {[%emt 0:00:02]} 30. Rfe1 {[%emt 0:00:57]} f4 {[%emt 0:02:25]} 31. gxf4 {[%emt 0:00:03]} exf4 {[%emt 0:00:01]} 32. Re6 {[%emt 0:00:18]} Qd7 {[%emt 0:00:01]} 33. R6e4 {[%emt 0:00:06]} f3 {[%emt 0:01:27]} 34. Nh4 {[%emt 0:00:19]} Qh3 {[%emt 0:00:14]} 35. Rg1 {[%emt 0:00:10]} Nxh4 {[%emt 0:00:21]} 36. Rg3 {[%emt 0:00:01]} Qg2+ {[%emt 0:00:05]} 0-1

[Event "RUS-ch Rapid Men 2018"]
[Site "Sochi"]
[Date "2018.10.05"]
[Round "1"]
[White "Mumdgan, Suren"]
[Black "Sarana, Alexey"]
[Result "0-1"]
[WhiteElo "2116"]
[BlackElo "2634"]
[Annotator "TA"]
[PlyCount "56"]
[EventDate "2018.10.05"]
[EventType "swiss"]
[EventCountry "RUS"]
[SourceTitle "playchess.com"]
[Source "ChessBase"]
[SourceQuality "1"]

{[%evp 23,56,39,30,33,21,35,98,100,96,-6,73,69,129,0,0,-22,-16,-31,-14,-18,0,-104,-110,-106,-109,-160,-170,-176,-164,-172,-190,-252,-237,-301,-291]} 1. d4 Nf6 2. c4 g6 3. Nc3 d5 4. cxd5 Nxd5 5. e4 Nxc3 6. bxc3 Bg7 7. Nf3 c5 8. Rb1 O-O 9. Be2 cxd4 10. cxd4 Qa5+ 11. Qd2 Nc6 {D85: Exchange Grünfeld: Unusual White 7th moves and lines with 7 Nf3} (11... Qxd2+) 12. Qxa5 Nxa5 {LiveBook: 5 Games} 13. Ba3 Bg4 {[#] White is slightly better.} 14. d5 $146 ({Predecessor:} 14. Ne5 Bxe2 15. Kxe2 Rfd8 16. Nf3 Bxd4 17. Bxe7 Rd7 18. Bg5 Re8 19. Rhd1 {½-½ (91) Erdos,V (2627)-Sarana,A (2577) Batumi 2018}) 14... f5 ({Black should try} 14... Rfc8 $14) 15. Bxe7 $16 Rfe8 {[#]} 16. Bb4 (16. d6 $1 $16) 16... fxe4 (16... Rxe4 $11 17. Bxa5 Rae8) 17. Nd2 e3 (17... Bxe2 $14 18. Kxe2 b6) 18. Nf3 ({Only move:} 18. Bxg4 $16 exd2+ 19. Kd1) 18... b6 {[%cal Bb7b6,Bb6a5][%mdl 32]} 19. Bxa5 bxa5 20. Rb3 Rac8 21. Rxe3 Rc1+ 22. Bd1 (22. Kd2 $11 {was the only way to keep the balance.} Rxe3 23. Rxc1) 22... Bc3+ $17 {[%mdl 1024] Black has strong compensation.} 23. Ke2 Rd8 24. Rd3 (24. d6 $142 Kf8 25. h3) 24... Bf5 $36 {[%mdl 2048] White is under strong pressure.} 25. Re3 Bc8 {White must now prevent ...Ba6+.} 26. Ne5 {[#]} Ba6+ $1 27. Kf3 (27. Nd3 {is a better defense.} Bd4 28. Re4) 27... Bd4 $19 28. Nc6 Rf8+ {Precision: White = 27%, Black = 45%.} 0-1

[Event "RUS-ch Rapid Men 2018"]
[Site "Sochi"]
[Date "2018.10.05"]
[Round "1"]
[White "Pervakov, Sergey"]
[Black "Antipov, Mikhail Al."]
[Result "0-1"]
[WhiteElo "2098"]
[BlackElo "2593"]
[Annotator "ChessBase"]
[PlyCount "58"]
[EventDate "2018.10.05"]
[EventType "swiss"]
[EventCountry "RUS"]
[SourceTitle "playchess.com"]
[Source "ChessBase"]
[SourceQuality "1"]
[TimeControl "900+10"]

1. e4 {[%emt 0:00:00]} e6 {[%emt 0:00:00]} 2. d4 {[%emt 0:00:00]} d5 {[%emt 0:00:00]} 3. Nd2 {[%emt 0:00:00]} h6 {[%emt 0:00:00]} 4. Ngf3 {[%emt 0:00:00]} Nf6 {[%emt 0:00:00]} 5. Bd3 {[%emt 0:00:04]} c5 {[%emt 0:00:00]} 6. c3 {[%emt 0:00:03]} Nc6 {[%emt 0:00:16]} 7. O-O {[%emt 0:00:14]} cxd4 {[%emt 0:00:04]} 8. cxd4 {[%emt 0:00:02]} dxe4 {[%emt 0:00:03]} 9. Nxe4 {[%emt 0:00:02]} Be7 {[%emt 0:00:01]} 10. Nc3 {[%emt 0:00:23]} O-O {[%emt 0:00:08]} 11. a3 {[%emt 0:00:03]} b6 {[%emt 0:00:04]} 12. Re1 {[%emt 0:00:58]} Bb7 {[%emt 0:00:03]} 13. Bc2 {[%emt 0:00:05]} Qc7 {[%emt 0:04:27]} 14. Qd3 {[%emt 0:01:36]} Rfd8 {[%emt 0:00:18]} 15. Be3 {[%emt 0:00:50]} Nb8 {[%emt 0:04:11]} 16. Ne5 {[%emt 0:03:30]} Ba6 {[%emt 0:00:02]} 17. Qd2 {[%emt 0:00:43]} Nc6 {[%emt 0:00:45]} 18. Nf3 {[%emt 0:03:04]} Bf8 {[%emt 0:01:04]} 19. Rad1 {[%emt 0:00:37]} Rac8 {[%emt 0:00:23]} 20. Bf4 {[%emt 0:01:33]} Qe7 {[%emt 0:01:25]} 21. Qe3 {[%emt 0:01:04]} Qb7 {[%emt 0:00:46]} 22. Ne5 {[%emt 0:00:48]} Ne7 {[%emt 0:00:20]} 23. Nxf7 {[%emt 0:00:52]} Ned5 {[%emt 0:00:01]} 24. Nxd8 {[%emt 0:00:26]} Nxe3 {[%emt 0:00:01]} 25. Nxb7 {[%emt 0:00:12]} Nxc2 {[%emt 0:00:02]} 26. Rxe6 {[%emt 0:00:54]} Bxb7 {[%emt 0:00:06]} 27. Re2 {[%emt 0:00:27]} Nxa3 {[%emt 0:00:02]} 28. d5 {[%emt 0:00:48]} Ba6 {[%emt 0:00:01]} 29. Re6 {[%emt 0:00:15]} Nc4 {[%emt 0:00:18]} 0-1

[Event "RUS-ch Rapid Men 2018"]
[Site "Sochi"]
[Date "2018.10.05"]
[Round "1"]
[White "Averyanov, Grigori"]
[Black "Shcherbakov, Ruslan"]
[Result "0-1"]
[WhiteElo "2094"]
[BlackElo "2516"]
[Annotator "TA"]
[PlyCount "62"]
[EventDate "2018.10.05"]
[EventType "swiss"]
[EventCountry "RUS"]
[SourceTitle "playchess.com"]
[Source "ChessBase"]
[SourceQuality "1"]

{[%evp 15,62,-21,-27,-41,-29,-55,-62,-48,-18,-38,-31,-38,-49,-49,-28,-41,-14,-50,-47,-45,-11,-32,-33,-56,-40,-44,-25,-95,-87,-129,-123,-129,-141,-148,-131,-136,-137,-133,-124,-122,-54,-160,-149,-307,-301,-322,-303,-436,-410]} 1. Nf3 Nf6 2. g3 b5 3. Bg2 Bb7 4. a4 b4 5. a5 e6 6. O-O Be7 7. c3 Na6 8. d4 O-O 9. Bf4 $146 {A46: 1 d4 Nf6 2 Nf3 e6: Torre, London and Colle Systems} ({Predecessor:} 9. Bg5 Rb8 10. Nbd2 c5 11. Re1 bxc3 12. bxc3 Ne4 13. Bxe7 Qxe7 14. Nxe4 Bxe4 15. Ne5 Bxg2 16. Kxg2 d6 {½-½ (41) Mitter,G (2210)-Wegerle,J (2431) Feffernitz 2014}) 9... Qc8 10. cxb4 Nxb4 11. Nc3 {Black is slightly better.} Nbd5 12. Nxd5 Nxd5 13. Bd2 Rb8 14. Re1 Nf6 15. Bc3 Be4 16. Nd2 Bxg2 17. Kxg2 d5 18. Rc1 Rb5 19. Nf3 Qb7 20. Ne5 c5 {[%cal Bc7c5,Bc5c4][%mdl 32]} 21. Kg1 (21. dxc5 $11 {remains equal.} Bxc5 22. a6 Qxa6 23. Bd4 Bxd4 24. Qxd4) 21... Ne4 22. f3 Nxc3 23. bxc3 Rxa5 24. Qd3 Rb5 25. Rb1 c4 26. Rxb5 Qxb5 (26... cxd3 $2 {loses.} 27. Rxb7 d2 28. Rd1 $18) 27. Qb1 Qa4 (27... Rb8 $17 28. Qxb5 Rxb5) 28. Qb7 ({Better is} 28. Qa1 $15 Qc2 29. Kf2) 28... Bd6 29. Nc6 $2 {[#]} (29. Qc6 $17 Qa3 30. Nd7) 29... Qc2 30. Qd7 Qxc3 31. Rf1 (31. Kf2 {was called for.} Qa3 32. e4) 31... Qa3 {Precision: White = 26%, Black = 39%.} 0-1

[Event "RUS-ch Rapid Men 2018"]
[Site "Sochi"]
[Date "2018.10.05"]
[Round "1"]
[White "Semukhin, Mihail"]
[Black "Bocharov, Dmitry"]
[Result "0-1"]
[WhiteElo "2036"]
[BlackElo "2562"]
[Annotator "ChessBase"]
[PlyCount "64"]
[EventDate "2018.10.05"]
[EventType "swiss"]
[EventCountry "RUS"]
[SourceTitle "playchess.com"]
[Source "ChessBase"]
[SourceQuality "1"]
[TimeControl "900+10"]

1. d4 {[%emt 0:00:00]} Nf6 {[%emt 0:00:00]} 2. Nf3 {[%emt 0:00:01]} g6 {[%emt 0:00:24]} 3. g3 {[%emt 0:00:34]} c5 {[%emt 0:00:16]} 4. c4 {[%emt 0:00:58]} Nc6 {[%emt 0:02:38]} 5. Bg2 {[%emt 0:00:28]} cxd4 {[%emt 0:00:14]} 6. Nxd4 {[%emt 0:00:06]} Bg7 {[%emt 0:00:01]} 7. O-O {[%emt 0:00:17]} O-O {[%emt 0:00:05]} 8. Nc3 {[%emt 0:00:14]} Qa5 {[%emt 0:00:37]} 9. Nb3 {[%emt 0:05:46]} Qh5 {[%emt 0:00:49]} 10. e4 {[%emt 0:00:35]} Qxd1 {[%emt 0:00:25]} 11. Rxd1 {[%emt 0:00:02]} d6 {[%emt 0:00:02]} 12. Bf4 {[%emt 0:00:50]} Be6 {[%emt 0:01:00]} 13. Nd5 {[%emt 0:00:16]} Nd7 {[%emt 0:01:33]} 14. Nc7 {[%emt 0:01:56]} Rac8 {[%emt 0:00:05]} 15. Nxe6 {[%emt 0:00:04]} fxe6 {[%emt 0:00:02]} 16. Bh3 {[%emt 0:00:24]} Kf7 {[%emt 0:00:03]} 17. c5 {[%emt 0:01:11]} Nxc5 {[%emt 0:00:34]} 18. Nxc5 {[%emt 0:00:02]} dxc5 {[%emt 0:00:02]} 19. Rd7 {[%emt 0:01:23]} b6 {[%emt 0:00:03]} 20. Rad1 {[%emt 0:01:07]} Bd4 {[%emt 0:00:45]} 21. Bc7 {[%emt 0:01:19]} Bxb2 {[%emt 0:03:22]} 22. Bf1 {[%emt 0:00:43]} Be5 {[%emt 0:00:37]} 23. Bxe5 {[%emt 0:00:07]} Nxe5 {[%emt 0:00:01]} 24. Rxa7 {[%emt 0:00:06]} Rfd8 {[%emt 0:00:27]} 25. Rb1 {[%emt 0:00:13]} Ra8 {[%emt 0:00:34]} 26. Rxa8 {[%emt 0:00:12]} Rxa8 {[%emt 0:00:02]} 27. Rxb6 {[%emt 0:00:21]} Rxa2 {[%emt 0:00:02]} 28. Rb8 {[%emt 0:00:11]} c4 {[%emt 0:00:15]} 29. Rc8 {[%emt 0:00:04]} Rc2 {[%emt 0:00:02]} 30. Kg2 {[%emt 0:00:12]} h5 {[%emt 0:00:21]} 31. h4 {[%emt 0:00:02]} Ng4 {[%emt 0:00:09]} 32. Rxc4 {[%emt 0:00:19]} Rxf2+ {[%emt 0:00:05]} 0-1